|
|
|
|
| LEADER |
00000nam a22000007a 4500 |
| 005 |
20180417223016.0 |
| 007 |
cr|||| |||| |
| 008 |
180417s2018 mx |||||s|||| 00||0 spa d |
| 020 |
|
|
|a 978-607-541-001-2
|
| 035 |
|
|
|a 21435
|
| 040 |
|
|
|a vLex
|
| 090 |
|
|
|c 7782
|d 7782
|
| 100 |
1 |
|
|a Domn̕guez Orozco, Jaime
|
| 245 |
1 |
0 |
|a Pagos mensuales del I.V.A. 2018
|h [Recurso electrn̤ico] /
|c Jaime Domn̕guez Orozco
|
| 256 |
|
|
|a Servicio en ln̕ea
|
| 260 |
|
|
|a Ciudad de Mx̌ico:
|b Ediciones Fiscales ISEF,
|c 2018
|
| 300 |
|
|
|a 1 recurso electrn̤ico
|
| 500 |
|
|
|a Esta obra presenta en forma prc̀tica y sencilla las disposiciones de la Ley del IVA y su reglamento, el Cd̤igo Fiscal, reglas y criterios del SAT para determinar los PAGOS MENSUALES DEL IVA que ayuden al contribuyente a operar en un marco de seguridad fiscal y evite incurrir en cargas fiscales y financieras innecesarias.
|
| 506 |
1 |
|
|a Disponible solo en los productos indicados
|d vLex Global
|d vLex Global (Academic Edition, excluding Law Schools)
|d vLex Global (U.S. Academic Edition, Law Schools)
|d vLex Global (U.S. Academic Edition, excluding Law Schools)
|d vLex Global (Academic Edition, Law Schools)
|
| 650 |
0 |
4 |
|a Derecho Fiscal
|z Mx̌ico
|
| 740 |
0 |
|
|a vLex Libros (Servicio en ln̕ea)
|
| 856 |
4 |
0 |
|u http://vlex.com/source/pagos-mensuales-del-i-v-a-2018-21435
|z Acceso restringido
|
| 942 |
|
|
|c BOOK
|
| 999 |
0 |
|
|a Tax Law
|